Crisis de la seguridad social: el caso de México /
Guardado en:
| Autor principal: | |
|---|---|
| Formato: | Texto |
| Materias: | |
| Etiquetas: |
Agregar Etiqueta
Sin Etiquetas, Sea el primero en etiquetar este registro!
|
MARC
| LEADER | 00000 a a2200000 04500 | ||
|---|---|---|---|
| 001 | 45891 | ||
| 003 | |||
| 040 | |||
| 100 | |a Olmedo Carranza, Bernardo | ||
| 245 | |a Crisis de la seguridad social: |b el caso de México / |c Bernardo Olomedo Carranza | ||
| 650 | |a MEXICO | ||
| 650 | |a ECONOMIA | ||
| 650 | |a SEGURIDAD SOCIAL | ||
| 773 | |g número69 (1993), páginas 13-15 | ||
| 999 | |c 24081 |d 24081 | ||
